IoT & wireless sensor networks / Geetharani P., David Patterson. (Record no. 21173)
| 000 -LEADER | |
|---|---|
| fixed length control field | 00590nam a22001817a 4500 |
| 020 ## - INTERNATIONAL STANDARD BOOK NUMBER | |
| ISBN | 9781804061756 |
| 082 ## - DEWEY DECIMAL CLASSIFICATION NUMBER | |
| Classification number | 621.3822 |
| Item number | P1113 2024 |
| 100 ## - MAIN ENTRY--AUTHOR NAME | |
| Personal name | P., Geetharani, author. |
| 245 ## - TITLE STATEMENT | |
| Title | IoT & wireless sensor networks / Geetharani P., David Patterson. |
| 260 ## - PUBLICATION, DISTRIBUTION, ETC. (IMPRINT) | |
| Place of publication | London : |
| Name of publisher | ED-Tech Press, |
| Year of publication | ©2024. |
| 300 ## - PHYSICAL DESCRIPTION | |
| Number of Pages | xi, 115 pages : |
| Other physical details | illustrations ; 28 cm |
| 500 ## - GENERAL NOTE | |
| General note | Includes bibliographical references. |
| 650 ## - SUBJECT ADDED ENTRY--TOPICAL TERM | |
| Topical Term | Internet of Things. |
| 650 ## - SUBJECT ADDED ENTRY--TOPICAL TERM | |
| Topical Term | Wireless communication systems. |
| 650 ## - SUBJECT ADDED ENTRY--TOPICAL TERM | |
| Topical Term | Remote sensing -- Data processing. |
| 700 ## - ADDED ENTRY--PERSONAL NAME | |
| Personal name | Patterson, David. |
| 942 ## - ADDED ENTRY ELEMENTS (KOHA) | |
| Koha item type | Books |
| Source of acquisition | Permanent Location | Date acquired | Koha item type | Collection code | Accession Number | Lost status | Shelving location | Withdrawn status | Current Location | Full call number |
|---|---|---|---|---|---|---|---|---|---|---|
| School | Cagayan State University - Carig Library | 2025-07-11 | Books | Applied Sciences | 010977 | General Collection | Cagayan State University - Carig Library | 621.3822 P1113 2024 |